| 000 | 02418cam a22003131i 4500 | ||
|---|---|---|---|
| 003 | SA_RiAUC | ||
| 005 | 20250102093434.0 | ||
| 008 | 241215s2005____su g 000 0 ara c | ||
| 020 | _a9960014622 | ||
| 040 |
_aSA-RiIMS _bara _cSA-RiAUC _erda |
||
| 082 | 0 | 4 |
_a237.3 _qSA-RiAUC |
| 090 |
_a237.3 _b ع ب د ك |
||
| 100 | 1 |
_aالعبد الكريم، عبد السلام بن برجس بن ناصر، _d1387-1425 هجري _eمؤلف. |
|
| 245 | 1 | 2 |
_aالأحاديث النبوية في ذم العنصرية الجاهلية / _cانتقاء عبد السلام بن برجس العبد الكريم ؛ تقديم صالح بن فوزان الفوزان. |
| 250 | _aالطبعة الأولى. | ||
| 264 | 1 |
_aالرياض : _bمكتبة الرشد، _c2005 |
|
| 300 |
_a72 صفحة ؛ _c20 سم |
||
| 336 |
_aنص _btxt _2rdacontent _3كتاب |
||
| 337 |
_aبدون وسيط _bn _2rdamedia |
||
| 338 |
_aمجلد _bnc _2rdacarrier |
||
| 650 | 7 |
_aالحديث _xشرح _2aucsh |
|
| 650 | 7 |
_aالإسلام والتفرقة العنصرية _2aucsh |
|
| 650 | 7 |
_aالحديث _xدفع مطاعن _2aucsh |
|
| 700 | 1 |
_aالفوزان، صالح بن فوزان بن عبد الله، _d1354 هجري- _eمقدم. |
|
| 856 |
_uhttp://saaid.net/book/11/3631.rar _yDigital Copy _2 نرجو الانتباه لإمكانية وجود اختلاف في الطبعة أو الناشر بين البيانات على البوابة وما ستجده على الكتاب نظرا لمحدودية المعلومات المتاحة على الموقع الناشر للمادة. _3Please note that there may be a difference in the edition or publisher between the data on the portal and the book due to the limited information available on the publisher website for the material. |
||
| 856 |
_uhttp://saaid.net/book/open.php?cat=82&book=4950 _yExternal Link _2 نرجو الانتباه لإمكانية وجود اختلاف في الطبعة أو الناشر بين البيانات على البوابة وما ستجده على الكتاب نظرا لمحدودية المعلومات المتاحة على الموقع الناشر للمادة. _3Please note that there may be a difference in the edition or publisher between the data on the portal and the book due to the limited information available on the publisher website for the material. |
||
| 942 |
_2ddc _cBOOK _n0 |
||
| 949 |
_aSA-JeALM _d241215 _umohamedma123 _n1 |
||
| 999 |
_c4360 _d4360 |
||